[Event "29th Czech Open-Rapid 2018"]
[Site "Pardubice"]
[Date "2018.07.18"]
[Round "2"]
[White "Vinklarek, Ondrej"]
[Black "Zarovs, Aleksandrs"]
[Result "0-1"]
[WhiteElo "2071"]
[BlackElo "1836"]
[Annotator "NA"]
[PlyCount "108"]
[EventDate "2018.07.18"]
[EventType "swiss"]
[EventCountry "CZE"]
[SourceTitle "playchess.com"]
[Source "ChessBase"]
[SourceQuality "1"]
[TimeControl "900+10"]

1. Nf3 {[%emt 0:00:00]} Nf6 {[%emt 0:00:00]} 2. g3 {[%emt 0:00:00]} b6 {[%emt 0:00:00]} 3. Bg2 {[%emt 0:00:00]} Bb7 {[%emt 0:00:00]} 4. O-O {[%emt 0:00:00]} e6 {[%emt 0:00:00]} 5. d3 {[%emt 0:00:21]} d5 {[%emt 0:00:00]} 6. Nbd2 {[%emt 0:00:22]} Be7 {[%emt 0:00:03]} 7. e4 {[%emt 0:01:03]} O-O {[%emt 0:00:05]} 8. Qe2 {[%emt 0:02:06]} c5 {[%emt 0:00:04]} 9. b3 {[%emt 0:03:05]} Nc6 {[%emt 0:00:01]} 10. Bb2 {[%emt 0:00:35]} Rc8 {[%emt 0:00:02]} 11. Ne5 {[%emt 0:01:44]} dxe4 {[%emt 0:00:36]} 12. Nxc6 {[%emt 0:01:01]} Bxc6 {[%emt 0:00:07]} 13. dxe4 {[%emt 0:00:10]} Qc7 {[%emt 0:01:22]} 14. f4 {[%emt 0:00:08]} Rfd8 {[%emt 0:00:15]} 15. c4 {[%emt 0:02:37]} a6 {[%emt 0:00:23]} 16. e5 {[%emt 0:00:42]} Ne8 {[%emt 0:01:32]} 17. Ne4 {[%emt 0:00:10]} Rd7 {[%emt 0:00:32]} 18. f5 {[%emt 0:00:17]} exf5 {[%emt 0:00:31]} 19. Rxf5 {[%emt 0:00:14]} Rcd8 {[%emt 0:00:32]} 20. Rxf7 Kxf7 {[%emt 0:00:30]} 21. e6+ {[%emt 0:00:40]} Kg8 {[%emt 0:00:46]} 22. exd7 {[%emt 0:00:16]} Qxd7 {[%emt 0:01:07]} 23. Rf1 {[%emt 0:00:47]} Bxe4 {[%emt 0:00:28]} 24. Bxe4 {[%emt 0:00:44]} Bf6 {[%emt 0:00:45]} 25. Bd5+ {[%emt 0:00:37]} Kh8 {[%emt 0:00:22]} 26. Bc1 {[%emt 0:00:04]} Nc7 {[%emt 0:00:14]} 27. Rd1 {[%emt 0:00:14]} Bd4+ {[%emt 0:00:15]} 28. Rxd4 {[%emt 0:01:29]} cxd4 {[%emt 0:00:04]} 29. Be4 {[%emt 0:00:04]} d3 {[%emt 0:02:17]} 30. Qh5 {[%emt 0:00:04]} g6 {[%emt 0:00:03]} 31. Bxg6 {[%emt 0:00:09]} Ne6 {[%emt 0:03:07]} 32. Bb2+ {[%emt 0:00:04]} Nd4 {[%emt 0:00:04]} 33. Qe5+ {[%emt 0:00:21]} Qg7 {[%emt 0:01:52]} 34. Bxd4 {[%emt 0:00:14]} Qxe5 {[%emt 0:00:04]} 35. Bxe5+ {[%emt 0:00:02]} Kg8 {[%emt 0:00:00]} 36. Bh5 {[%emt 0:00:21]} d2 {[%emt 0:00:27]} 37. Kf2 {[%emt 0:00:10]} d1=Q {[%emt 0:00:12]} 38. Bxd1 {[%emt 0:00:01]} Rxd1 {[%emt 0:00:02]} 39. Bc7 {[%emt 0:00:01]} Rd2+ {[%emt 0:01:45]} 40. Ke3 {[%emt 0:00:01]} Rxa2 {[%emt 0:00:01]} 41. Bxb6 {[%emt 0:00:00]} Rb2 {[%emt 0:00:04]} 42. c5 {[%emt 0:00:11]} Rxb3+ {[%emt 0:00:08]} 43. Kd4 {[%emt 0:00:01]} Kf7 {[%emt 0:00:27]} 44. Kd5 {[%emt 0:00:04]} Ke7 {[%emt 0:00:21]} 45. Bc7 {[%emt 0:00:21]} Kd7 {[%emt 0:00:11]} 46. Be5 {[%emt 0:00:01]} a5 {[%emt 0:00:28]} 47. g4 {[%emt 0:00:01]} a4 {[%emt 0:00:14]} 48. h4 {[%emt 0:00:24]} a3 {[%emt 0:00:13]} 49. h5 {[%emt 0:00:10]} a2 {[%emt 0:00:11]} 50. g5 {[%emt 0:00:10]} Rb1 {[%emt 0:00:10]} 51. c6+ {[%emt 0:00:15]} Kc8 {[%emt 0:00:05]} 52. g6 {[%emt 0:00:12]} Rb5+ {[%emt 0:00:04]} 53. Kd6 {[%emt 0:00:50]} Rxe5 {[%emt 0:00:05]} 54. g7 {[%emt 0:00:10]} Re8 0-1

[Event "29th Czech Open-Rapid 2018"]
[Site "Pardubice"]
[Date "2018.07.18"]
[Round "2"]
[White "Gorbatenko, Alexander"]
[Black "Straka, Vojtech"]
[Result "1/2-1/2"]
[WhiteElo "2049"]
[BlackElo "2379"]
[Annotator "TA"]
[PlyCount "128"]
[EventDate "2018.07.18"]
[EventType "swiss"]
[EventCountry "CZE"]
[SourceTitle "playchess.com"]
[Source "ChessBase"]
[SourceQuality "1"]

{[%evp 19,128,48,45,28,42,26,63,68,91,93,89,59,70,60,80,77,98,100,111,110,100,104,109,98,97,101,92,82,90,82,126,102,110,111,145,139,152,152,181,172,176,173,157,173,183,172,185,166,215,154,122,127,122,127,122,121,277,277,270,97,158,113,142,153,153,160,1070,8,8,8,14,8,8,8,8,8,8,8,8,8,8,8,8,0,8,8,8,8,8,0,8,8,8,8,8,0,8,0,0,0,0,0,0,0,0,0,0,0,0,0,0]} 1. d4 c6 2. c4 d5 3. Nf3 Nf6 4. Nc3 g6 5. cxd5 cxd5 6. g3 Bg7 7. Bg2 Nc6 8. O-O O-O 9. Ne5 a6 {D79: Fianchetto Grünfeld: Symmetrical Variation (6 0-0 c6 7 cxd5 cxd5)} (9... Ng4 10. Nxc6 bxc6 11. h3 Nh6 12. Bxh6 Bxh6 13. e3 Bg7 14. Rc1 e5 15. dxe5 Bxe5 16. Na4 Bd7 17. Qd2 Rb8 {1-0 (37) Bok,B (2640)-Shirov,A (2644) Berlin 2018}) 10. Nxc6 bxc6 {LiveBook: 3 Games} 11. Na4 Nd7 {White has an edge.} 12. Be3 $146 ({Predecessor:} 12. b3 e5 13. Ba3 Re8 14. Rc1 Bb7 15. e3 exd4 16. exd4 Qf6 17. Nc5 Nxc5 18. Bxc5 {1-0 (71) Farell,R-Montero,J (1783) Stillwater 2010}) 12... e5 13. Rc1 Bb7 14. dxe5 Bxe5 15. Bd4 (15. Qb3 {is interesting.} Qb8 16. Bh6 Re8 17. Rfd1 f5 18. e4) 15... Re8 16. Bxe5 Rxe5 17. e3 Qe7 18. Qd4 a5 19. Nc5 Nxc5 20. Rxc5 a4 21. Qc3 Ba6 22. Rd1 Bb5 23. Bf1 Bxf1 24. Rxf1 Rc8 25. Rxc6 Rxc6 26. Qxc6 $16 {[%mdl 4096] Endgame KQR-KQR} Qb4 27. Qc3 Qxc3 28. bxc3 {KR-KR} Re4 29. Rb1 Rc4 30. Rb4 Rxc3 31. Rxa4 Kf8 32. Ra7 Kg7 33. h4 h5 34. Kg2 Kf6 35. a4 {[%cal Ba2a4,Ba4a5,Ba5a6,Ba6a7][%mdl 32]} Ra3 36. a5 Ke5 37. a6 d4 $2 (37... Ra4 $16 38. Kf3 (38. Rxf7 Rxa6 39. Kf3 Ra3 $16) 38... Ra3) 38. exd4+ $18 ({Weaker is} 38. Rxf7 dxe3 39. a7 e2 $16) 38... Kxd4 39. Rd7+ $2 ({Less strong is} 39. Rxf7 Rxa6 40. Kf3 Ke5 $16) (39. Ra8 $1 $18 {and the rest is easy.} Kc5 40. Rf8) 39... Ke5 $16 40. a7 Ke6 41. Rb7 f6 42. Kf1 g5 $2 {[#]} (42... Ra2 $16 43. Rg7 Kf5) 43. hxg5 $2 ({Only move:} 43. g4 $1 $18 {[%mdl 512]} hxg4 44. h5) 43... fxg5 $11 {The position is equal.} 44. Rh7 h4 45. gxh4 gxh4 46. Kg2 {With the idea f3.} h3+ 47. Kh2 Kf5 48. Rg7 Kf6 49. Rb7 Kf5 50. Rd7 {Strongly threatening f3.} Ke6 51. Rb7 {f3 is the strong threat.} Kf5 52. f3 Kf6 53. Rh7 {And now Kg3 would win.} Kg6 54. Rb7 {aiming for Rc7.} Kf6 55. Kg3 Kg6 56. Rb6+ Kf5 57. Rb7 {Threatens to win with Rc7.} Kf6 58. Kxh3 {Hoping for Kg4.} Rxf3+ 59. Kg4 Ra3 60. Kf4 Ra4+ 61. Ke3 Ke6 62. Kd3 Kd6 63. Kc3 Kc6 64. Rh7 Kb6 {Precision: White = 57%, Black = 55%.} 1/2-1/2

[Event "29th Czech Open-Rapid 2018"]
[Site "Pardubice"]
[Date "2018.07.18"]
[Round "2"]
[White "Ludvik, Tomas"]
[Black "Tsvetkov, Andrey"]
[Result "1/2-1/2"]
[WhiteElo "2048"]
[BlackElo "2259"]
[Annotator "NA"]
[PlyCount "50"]
[EventDate "2018.07.18"]
[EventType "swiss"]
[EventCountry "CZE"]
[SourceTitle "playchess.com"]
[Source "ChessBase"]
[SourceQuality "1"]
[TimeControl "900+10"]

1. d4 {[%emt 0:00:00]} d5 {[%emt 0:00:00]} 2. c4 e6 3. Nc3 {[%emt 0:00:00]} c6 {[%emt 0:00:00]} 4. e3 {[%emt 0:00:00]} Nf6 {[%emt 0:00:00]} 5. Nf3 {[%emt 0:00:00]} Nbd7 {[%emt 0:00:00]} 6. Qc2 {[%emt 0:00:00]} Bd6 {[%emt 0:00:00]} 7. Bd3 {[%emt 0:00:00]} dxc4 {[%emt 0:00:00]} 8. Bxc4 {[%emt 0:00:01]} O-O {[%emt 0:00:00]} 9. O-O {[%emt 0:00:01]} b5 {[%emt 0:00:01]} 10. Bd3 {[%emt 0:00:03]} Bb7 {[%emt 0:00:01]} 11. Ng5 {[%emt 0:00:06]} h6 {[%emt 0:01:57]} 12. Nge4 {[%emt 0:00:44]} Nxe4 {[%emt 0:00:26]} 13. Nxe4 {[%emt 0:00:05]} Be7 {[%emt 0:00:02]} 14. Bd2 {[%emt 0:00:43]} a5 {[%emt 0:00:29]} 15. Rac1 {[%emt 0:01:50]} Rc8 {[%emt 0:00:15]} 16. Nc5 {[%emt 0:04:34]} Nxc5 {[%emt 0:02:14]} 17. dxc5 {[%emt 0:00:02]} Bxc5 {[%emt 0:00:02]} 18. Qxc5 {[%emt 0:00:20]} Qxd3 {[%emt 0:00:02]} 19. Bxa5 {[%emt 0:00:15]} Qd5 {[%emt 0:00:10]} 20. Bb4 {[%emt 0:02:00]} Rfd8 {[%emt 0:00:33]} 21. a3 {[%emt 0:00:54]} Qe4 {[%emt 0:00:22]} 22. f3 {[%emt 0:00:54]} Qd3 {[%emt 0:00:30]} 23. e4 {[%emt 0:00:39]} Qd4+ {[%emt 0:01:13]} 24. Qxd4 {[%emt 0:02:03]} Rxd4 {[%emt 0:00:02]} 25. Bc3 {[%emt 0:00:13]} Rd3 {[%emt 0:00:04]} 1/2-1/2

[Event "29th Czech Open-Rapid 2018"]
[Site "Pardubice"]
[Date "2018.07.18"]
[Round "2"]
[White "Harshini A"]
[Black "Gutman, Gennadi"]
[Result "0-1"]
[WhiteElo "2037"]
[BlackElo "2476"]
[Annotator "TA"]
[PlyCount "108"]
[EventDate "2018.07.18"]
[EventType "swiss"]
[EventCountry "CZE"]
[SourceTitle "playchess.com"]
[Source "ChessBase"]
[SourceQuality "1"]

{[%evp 15,108,10,8,-63,-68,-68,-68,-84,-97,-91,-100,-102,-100,-96,-83,-91,-87,-110,-110,-108,-117,-125,-122,-159,-155,-164,-160,-175,-137,-138,-102,-98,-94,-93,-87,-107,-109,-119,-108,-107,-71,-110,-76,-104,-80,-220,-208,-219,-181,-203,-160,-210,-176,-235,-217,-289,-279,-347,-269,-447,-446,-426,-426,-457,-419,-733,-727,-972,-1113,-1108,-1064,-914,-649,-1057,-943,-914,-797,-875,-1163,-1159,-1156,-6535,-6544,-4870,-4133,-1007,-927,-29982,-1484,-29981,-29982,-29979,-29980,-29985,-806]} 1. e4 c5 2. Nf3 e6 3. d4 cxd4 4. Nxd4 Nf6 {[%cal Bg8f6,Bf6e4,Be4c3][%mdl 32]} 5. Nc3 Nc6 6. Be2 Bb4 7. O-O Bxc3 8. bxc3 Nxe4 {LiveBook: 113 Games} 9. Ba3 {B45: Sicilian Four Knights} (9. Nxc6 $11 dxc6 10. Qxd8+ Kxd8 11. Bf3) (9. Bd3 d5 10. Nxc6 bxc6 11. Ba3 c5 12. Bxe4 dxe4 13. Bxc5 Ba6 14. Re1 Qxd1 15. Raxd1 Rc8 16. Bb4 Bb7 17. Rd6 Bc6 {½-½ (34) Rublevsky,S (2706)-Tregubov,P (2620) Loo 2014}) 9... Nxc3 $15 10. Nxc6 bxc6 11. Qd3 $146 {Black is slightly better.} ({Predecessor:} 11. Qd2 Qa5 12. Bd6 Nxe2+ 13. Qxe2 f6 14. Qg4 Kf7 15. Rfd1 h5 16. Qg3 h4 {0-1 (55) Comp Mephisto Atlanta-Cifuentes Parada,R (2515) The Hague 1997}) 11... Qa5 12. Bd6 f6 13. Bh5+ Qxh5 14. Qxc3 Kf7 15. Rfd1 Re8 16. Rab1 Kg8 17. Qa3 a5 18. f3 e5 19. Qc5 Qf7 20. a4 Ba6 21. Bc7 d5 22. Bxa5 Qd7 23. Rb6 Rec8 {[%cal Be8c8,Bc8c7,Bc7d7][%mdl 32]} 24. Bb4 h6 25. c4 d4 26. a5 Qe6 27. Rc1 Kh7 28. Bd2 Rc7 29. Qb4 Qf7 30. c5 (30. Qd6 $17 {might work better.}) 30... Bb5 $19 31. Qb1+ Kg8 32. Qf5 Qd7 33. Qxd7 Rxd7 34. Kf2 (34. g4 $142) 34... Kf7 35. Ra1 Ke6 36. Rc1 Kd5 37. g3 $2 (37. g4) 37... f5 38. f4 e4 39. Bb4 g5 40. fxg5 (40. Rxb5 $142 cxb5 41. c6) 40... hxg5 {[%cal Bh6g5,Bg5g4][%mdl 32]} 41. Bd2 e3+ 42. Bxe3 dxe3+ 43. Kxe3 Rxa5 {[#] Hoping for ...Re7+.} 44. Rb8 Ra3+ 45. Kf2 g4 46. Rd1+ Rd3 47. Rc1 Bc4 48. Rf8 Rf3+ 49. Kg1 Kxc5 50. Ra8 Rd4 51. Rc8 Rfd3 (51... Rd2 $142 52. Re8 Rff2 53. Re5+ Kd4 54. Rxc4+ Kxc4 55. Re8 Rg2+ 56. Kh1 Rge2 57. Rxe2 Rxe2 58. h3 gxh3 59. Kg1 Rg2+ 60. Kh1 c5 61. g4 f4 62. g5 f3 63. g6 f2 64. g7 f1=Q#) 52. Rf8 Rd1+ {Black mates.} 53. Rxd1 Rxd1+ 54. Kg2 Rd5 {Precision: White = 20%, Black = 74%.} (54... Rd2+ $142 55. Kg1 Bd3 56. Rd8 Kc4 57. Rh8 c5 58. h4 Be4 59. Kf1 Rg2 60. Rg8 Rxg3 61. Rg6 Kd4 62. Ke2 Rg2+ 63. Kf1 Ke3 64. Ra6 Bd3+ 65. Kxg2 Bxa6 66. Kg3 c4 67. h5 c3 68. Kh4 c2 69. h6 c1=Q 70. h7 {[#]} g3 $1 {[%mdl 512]} 71. Kg5 g2 72. Kf6 Qa1+ 73. Ke6 g1=Q 74. h8=N Bc8+ 75. Kd5 Qgd1+ 76. Kc6 Qa7 77. Ng6 Qdd7#) 0-1

[Event "29th Czech Open-Rapid 2018"]
[Site "Pardubice"]
[Date "2018.07.18"]
[Round "2"]
[White "Chrz, Pavel"]
[Black "Zilka, Stepan"]
[Result "0-1"]
[WhiteElo "2032"]
[BlackElo "2517"]
[Annotator "TA"]
[PlyCount "54"]
[EventDate "2018.07.18"]
[EventType "swiss"]
[EventCountry "CZE"]
[SourceTitle "playchess.com"]
[Source "ChessBase"]
[SourceQuality "1"]

{[%evp 9,54,-24,-19,-20,-18,-33,0,0,0,0,37,23,43,19,6,8,35,56,34,39,46,27,131,0,0,-64,-49,-52,14,12,21,27,15,25,29,0,0,0,0,0,0,-16,94,-29997,-430,-29998,-29999]} 1. Nf3 c5 2. g3 Nc6 3. Bg2 e5 4. d3 d5 5. c4 (5. O-O Nf6 6. e4 d4 7. a4 Be7 8. Na3 Bg4 9. Bd2 Nd7 10. c3 O-O 11. Qb1 a5 12. Nb5 Ndb8 13. Qc2 Na6 14. h4 Qd7 15. c4 {1-0 (52) Zhao,J (2604)-Kasimdzhanov,R (2683) Riadh 2017}) 5... dxc4 6. Qa4 {Nxe5 is the strong threat. A04: Unusual lines after 1 Nf3 and King's Indian Attack} Bd7 $146 ({Predecessor:} 6... Bd6 7. Qxc4 Be6 8. Qb5 Qc7 9. Nc3 a6 10. Qa4 f6 11. O-O Nge7 {0-1 (56) Trbojevic,N-Milenkovic,A (1987) Belgrade 2015}) 7. Qxc4 Be6 (7... h6 {seems wilder.} 8. Be3 Nf6 9. O-O b6 10. Nfd2 Be7) 8. Qa4 {Black must now prevent Nxe5.The position is equal.} Qd7 9. Nc3 h6 10. Be3 Nf6 11. Rc1 Rc8 12. Nd2 Nd5 13. Nxd5 Bxd5 14. Bxd5 Qxd5 15. O-O Be7 (15... Rc7 $11) 16. Ne4 (16. Qg4 $16 Kd8 17. Ne4 (17. Qxg7 Kc7 $16)) 16... b6 $11 17. Rc2 (17. b4 $11) 17... O-O 18. a3 Na5 (18... f5 $15 19. Nc3 Qe6) 19. b4 cxb4 20. Rxc8 Rxc8 21. axb4 Nc6 22. Rc1 $36 {[%mdl 2048] White has some pressure.} Bxb4 {[#]} 23. Rxc6 $1 {[%mdl 512]} Rxc6 24. Qxb4 a5 $1 {[%cal Ra5b4]} 25. Qe7 f5 (25... a4 $11) 26. Nd2 $2 {[%mdl 8192]} (26. Bxh6 $16 gxh6 27. Nf6+ Rxf6 28. Qxf6) 26... Rc1+ 27. Nf1 {[#]} Rxf1+ $1 {[%mdl 512] Precision: White = 49%, Black = 33%.} 0-1

[Event "29th Czech Open-Rapid 2018"]
[Site "Pardubice"]
[Date "2018.07.18"]
[Round "2"]
[White "Fedotov, Konstantin"]
[Black "Mlcak, Viktor"]
[Result "1-0"]
[WhiteElo "2017"]
[BlackElo "1939"]
[Annotator "NA"]
[PlyCount "59"]
[EventDate "2018.07.18"]
[EventType "swiss"]
[EventCountry "CZE"]
[SourceTitle "playchess.com"]
[Source "ChessBase"]
[SourceQuality "1"]
[TimeControl "900+10"]

1. e4 {[%emt 0:00:00]} Nf6 {[%emt 0:00:00]} 2. e5 {[%emt 0:00:02]} Nd5 {[%emt 0:00:00]} 3. d4 {[%emt 0:00:01]} d6 {[%emt 0:00:00]} 4. exd6 {[%emt 0:00:00]} cxd6 {[%emt 0:00:00]} 5. c4 {[%emt 0:00:01]} Nb6 {[%emt 0:00:00]} 6. Nc3 {[%emt 0:00:05]} g6 {[%emt 0:00:14]} 7. h3 {[%emt 0:00:09]} Bg7 {[%emt 0:00:03]} 8. Nf3 {[%emt 0:00:01]} O-O {[%emt 0:00:05]} 9. Be3 {[%emt 0:00:09]} Nc6 {[%emt 0:00:03]} 10. Be2 {[%emt 0:00:06]} Bf5 {[%emt 0:00:16]} 11. O-O {[%emt 0:00:07]} e5 {[%emt 0:01:10]} 12. d5 {[%emt 0:00:13]} Ne7 {[%emt 0:02:16]} 13. b4 {[%emt 0:00:42]} Rc8 {[%emt 0:01:54]} 14. Qb3 {[%emt 0:00:04]} h5 {[%emt 0:00:19]} 15. Rfd1 {[%emt 0:01:10]} Qc7 {[%emt 0:05:27]} 16. Nb5 {[%emt 0:00:27]} Qb8 {[%emt 0:00:23]} 17. a4 {[%emt 0:00:44]} Rcd8 {[%emt 0:01:14]} 18. Nxa7 {[%emt 0:00:32]} e4 {[%emt 0:01:29]} 19. Nd4 {[%emt 0:01:50]} Qxa7 {[%emt 0:00:17]} 20. a5 {[%emt 0:00:01]} Nxc4 {[%emt 0:01:37]} 21. Nc6 {[%emt 0:01:41]} Qa8 {[%emt 0:01:10]} 22. Nxe7+ {[%emt 0:00:04]} Kh7 {[%emt 0:00:05]} 23. Qxc4 {[%emt 0:00:11]} Bxa1 {[%emt 0:00:18]} 24. Rxa1 {[%emt 0:00:12]} Bd7 {[%emt 0:00:20]} 25. Qxe4 {[%emt 0:01:02]} Rde8 {[%emt 0:00:11]} 26. Bxh5 {[%emt 0:00:28]} Bf5 {[%emt 0:00:13]} 27. Qh4 {[%emt 0:00:03]} Rxe7 28. Bxg6+ Kg7 29. Qh7+ Kf6 30. Bxf5 1-0

[Event "29th Czech Open-Rapid 2018"]
[Site "Pardubice"]
[Date "2018.07.18"]
[Round "2"]
[White "Chubar, Vladimir"]
[Black "Roessler, Ulrike"]
[Result "0-1"]
[WhiteElo "2016"]
[BlackElo "2137"]
[Annotator "TA"]
[PlyCount "94"]
[EventDate "2018.07.18"]
[EventType "swiss"]
[EventCountry "CZE"]
[SourceTitle "playchess.com"]
[Source "ChessBase"]
[SourceQuality "1"]

{[%evp 18,94,0,-15,14,12,16,17,20,-5,0,0,0,-51,-14,-48,-22,-29,-16,-37,-32,-43,-19,-32,-32,-34,-10,-89,-91,-99,-103,-109,-98,-100,-113,-168,-138,-153,-153,-153,-158,-145,-152,-281,-287,-257,-251,-303,-290,-321,-304,-392,-383,-493,-491,-718,-727,-1031,-1092,-1056,-1062,-3495,-3370,-2245,-2868,-2578,-2132,-6124,-5833,-2183,-1976,-1490,-1331,-6139,-6124,-5718,-5639,-1927,-1853]} 1. d4 Nf6 2. Nf3 g6 3. Bg5 Bg7 4. Nbd2 O-O 5. c3 d6 6. e4 Nbd7 7. Bc4 e5 8. dxe5 dxe5 9. O-O h6 10. Bh4 {LiveBook: 43 Games} g5 {A48: 1 d4 Nf6 2 Nf3 g6: Torre, London and Colle Systems} (10... Qe8 11. a4 Nh5 12. a5 Nf4 13. Re1 Nf6 14. Bg3 N6h5 15. b4 c6 16. Qc2 Be6 17. h3 Rd8 18. Bh2 Bxc4 19. Nxc4 {1-0 (50) Short,N (2655)-Hjartarson,J (2547) Nuuk 2016}) 11. Bg3 Nh5 12. Qc2 Nxg3 $146 {The position is equal.} ({Predecessor:} 12... Qe7 13. a4 Nf4 14. a5 c6 15. Rfe1 b5 16. axb6 Nxb6 17. Ba2 a5 18. Nc4 Nxc4 19. Bxc4 {1-0 (48) Duong,T (2299)-Goldenberg,D (2256) Montreal 1999}) 13. fxg3 Qe7 14. Kh1 Nf6 15. Qb3 ({Better is} 15. a4 $11) 15... b6 16. a4 a5 17. Rae1 Bb7 18. Re2 Rad8 19. Ne1 Rd6 20. Bd3 Rfd8 21. Qc2 Nd7 22. Nc4 (22. Bc4 $11 {keeps the balance.} Rf6 23. Nd3) 22... Rf6 $17 23. Rxf6 Bxf6 24. Ne3 Nc5 $36 {[%mdl 2048] White is under strong pressure.} 25. Nf5 Qd7 26. Bc4 (26. Re3 $17) 26... Kh7 27. h3 Bxe4 ({Don't take} 27... Nxa4 28. Bd5 $17) 28. Rxe4 {[#] Strongly threatening Re3.} Qxf5 29. Re2 Qxc2 30. Rxc2 (30. Nxc2 $17 Nxa4 31. Ne3) 30... Rd1 $19 31. Re2 Nxa4 32. Kh2 {[#]} Nxb2 $1 {[%mdl 512]} 33. Rxb2 Rxe1 34. Bxf7 {[%mdl 4096] Endgame KRB-KRB} e4 35. Be6 Bxc3 {Black is clearly winning.} 36. Rc2 (36. Ra2 $142) 36... Be5 {And now ...h5 would win.} 37. Rc4 Kg7 38. Bf5 Re3 39. Rxe4 Bxg3+ 40. Kg1 Rxe4 41. Bxe4 {KB-KB} c5 {[%cal Bc7c5,Bc5c4][%mdl 32]} 42. Bc6 Kf6 43. Kf1 Ke5 44. Ke2 Kd4 45. Kd2 c4 46. Kc2 Kc5 47. Be8 b5 {Precision: White = 38%, Black = 62%.} 0-1

[Event "29th Czech Open-Rapid 2018"]
[Site "Pardubice"]
[Date "2018.07.18"]
[Round "2"]
[White "Haase, Pavel"]
[Black "Mosesov, Danylo"]
[Result "0-1"]
[WhiteElo "1994"]
[BlackElo "2282"]
[Annotator "NA"]
[PlyCount "112"]
[EventDate "2018.07.18"]
[EventType "swiss"]
[EventCountry "CZE"]
[SourceTitle "playchess.com"]
[Source "ChessBase"]
[SourceQuality "1"]
[TimeControl "900+10"]

1. c4 {[%emt 0:00:00]} g6 {[%emt 0:00:00]} 2. g3 {[%emt 0:00:00]} Bg7 {[%emt 0:00:00]} 3. Bg2 {[%emt 0:00:00]} d6 {[%emt 0:00:00]} 4. Nc3 {[%emt 0:00:00]} e5 {[%emt 0:00:26]} 5. e3 {[%emt 0:00:04]} Nc6 {[%emt 0:00:02]} 6. Nge2 {[%emt 0:00:03]} f5 {[%emt 0:00:26]} 7. d4 {[%emt 0:00:03]} Nf6 {[%emt 0:00:14]} 8. Bxc6+ {[%emt 0:00:09]} bxc6 {[%emt 0:00:01]} 9. dxe5 {[%emt 0:00:01]} dxe5 {[%emt 0:00:02]} 10. Qxd8+ Kxd8 11. b3 {[%emt 0:00:19]} Be6 {[%emt 0:00:14]} 12. Ba3 {[%emt 0:00:04]} Nd7 {[%emt 0:00:07]} 13. O-O-O {[%emt 0:00:17]} Ke8 {[%emt 0:00:14]} 14. e4 {[%emt 0:00:28]} Kf7 {[%emt 0:00:37]} 15. h4 {[%emt 0:00:17]} Rad8 {[%emt 0:00:39]} 16. h5 {[%emt 0:00:04]} Rhe8 {[%emt 0:01:27]} 17. hxg6+ {[%emt 0:01:10]} hxg6 {[%emt 0:00:00]} 18. f3 {[%emt 0:00:35]} Nf6 {[%emt 0:00:32]} 19. Bc5 {[%emt 0:00:31]} a6 {[%emt 0:00:12]} 20. Be3 {[%emt 0:01:44]} fxe4 {[%emt 0:00:09]} 21. Nxe4 {[%emt 0:01:07]} Nxe4 {[%emt 0:00:02]} 22. fxe4 {[%emt 0:00:02]} Bg4 {[%emt 0:00:28]} 23. Rxd8 Rxd8 24. Rd1 {[%emt 0:00:10]} Rxd1+ {[%emt 0:00:46]} 25. Kxd1 {[%emt 0:00:02]} Bf3 {[%emt 0:00:01]} 26. Kd2 {[%emt 0:00:44]} Bxe4 {[%emt 0:00:01]} 27. Nc3 {[%emt 0:00:03]} Bf5 {[%emt 0:00:01]} 28. Na4 {[%emt 0:00:10]} Ke7 {[%emt 0:00:25]} 29. b4 {[%emt 0:00:30]} Be6 {[%emt 0:00:53]} 30. Kd3 {[%emt 0:00:13]} Bf5+ {[%emt 0:00:58]} 31. Kd2 {[%emt 0:00:02]} Bc8 {[%emt 0:00:04]} 32. Nc5 {[%emt 0:00:19]} Kf6 {[%emt 0:00:36]} 33. Ke2 {[%emt 0:01:10]} Bf8 {[%emt 0:00:16]} 34. Nd3 {[%emt 0:00:54]} Be6 {[%emt 0:00:24]} 35. c5 {[%emt 0:00:03]} Bxa2 {[%emt 0:00:06]} 36. Kf3 {[%emt 0:00:08]} Bd5+ {[%emt 0:00:23]} 37. Kg4 {[%emt 0:00:02]} Bc4 {[%emt 0:00:50]} 38. Nf2 {[%emt 0:00:30]} Be2+ {[%emt 0:00:07]} 39. Kh4 {[%emt 0:00:01]} Bf3 {[%emt 0:00:53]} 40. g4 {[%emt 0:00:40]} Ke6 {[%emt 0:01:19]} 41. Kg5 {[%emt 0:00:14]} Kf7 {[%emt 0:00:04]} 42. Kh4 {[%emt 0:00:01]} Bg7 {[%emt 0:01:16]} 43. Nh3 {[%emt 0:00:39]} Be2 {[%emt 0:00:40]} 44. Ng5+ {[%emt 0:00:27]} Ke7 {[%emt 0:00:04]} 45. Nh3 {[%emt 0:01:04]} Ke6 {[%emt 0:00:33]} 46. Kg5 {[%emt 0:00:06]} Bd3 {[%emt 0:00:01]} 47. Bd2 {[%emt 0:01:04]} Kd5 {[%emt 0:00:42]} 48. Bc3 {[%emt 0:00:06]} Kc4 {[%emt 0:00:25]} 49. Bd2 {[%emt 0:00:17]} e4 {[%emt 0:00:56]} 50. Nf4 {[%emt 0:00:02]} Bc3 {[%emt 0:00:03]} 51. Bxc3 {[%emt 0:00:08]} Kxc3 {[%emt 0:00:01]} 52. Kxg6 {[%emt 0:00:01]} e3+ {[%emt 0:00:01]} 53. Kf6 {[%emt 0:00:02]} e2 {[%emt 0:00:04]} 54. Ng2 {[%emt 0:00:25]} Be4 {[%emt 0:00:07]} 55. Ne1 {[%emt 0:00:01]} Kd2 {[%emt 0:00:01]} 56. Ke5 {[%emt 0:00:01]} Bd5 {[%emt 0:00:13]} 0-1